[Event "XII C.to Italiano U20"]
[Site "Bratto - Castione della Presolana ITA"]
[Date "2004.08.23"]
[Round "4"]
[White "Bevilacqua, Andrea"]
[Black "Castellano, Fabio Marco"]
[Result "1/2-1/2"]
[WhiteElo "1736"]
[BlackElo "1946"]
[PlyCount "50"]
[EventDate "2004.08.20"]

1. e4 c5 2. Nc3 Nc6 3. g3 e6 4. Bg2 Nge7 5. f4 d5 6. e5 Nf5 7. d3 b5 8. Nxb5
Qa5+ 9. Nc3 Ba6 10. Bd2 Qc7 11. Nf3 Be7 12. O-O h5 13. Ne2 Qb6 14. Bc1 Rc8 15.
Kh1 c4 16. dxc4 Bxc4 17. c3 d4 18. Nfxd4 Ncxd4 19. cxd4 Rd8 20. Qc2 Bxe2 21.
Qxe2 Qxd4 22. Qf2 Qxf2 23. Bc6+ Kf8 24. Rxf2 Rd1+ 25. Kg2 h4 1/2-1/2

[Event "XII C.to Italiano U20"]
[Site "Bratto - Castione della Presolana ITA"]
[Date "2004.08.23"]
[Round "4"]
[White "Bonafede, Alessandro"]
[Black "Napoli, Nicolo'"]
[Result "1/2-1/2"]
[WhiteElo "2107"]
[BlackElo "2172"]
[PlyCount "81"]
[EventDate "2004.08.20"]

1. e4 c6 2. d3 d5 3. Nd2 e5 4. Ngf3 Bd6 5. g3 Nf6 6. Bg2 O-O 7. O-O a5 8. Re1
Re8 9. c3 dxe4 10. Nxe4 Nxe4 11. dxe4 Qc7 12. Qc2 b5 13. Be3 Na6 14. Rad1 Bc5
15. Bxc5 Nxc5 16. Nd2 Be6 17. Nf1 Bg4 18. Rd2 Rad8 19. Ne3 Rxd2 20. Qxd2 Rd8
21. Qc2 Be6 22. Bf3 f6 23. Bg4 Bxg4 24. Nxg4 Rd7 25. Kf1 a4 26. Ne3 Qd8 27. Ke2
Kf7 28. f3 b4 29. Rd1 b3 30. Rxd7+ Qxd7 31. axb3 axb3 32. Qd2 Qc8 33. Qd6 Qa6+
34. Kd2 Qb6 35. Nf5 Nxe4+ 36. fxe4 Qf2+ 37. Kd3 Qf1+ 38. Ke3 Qe1+ 39. Kf3 Qh1+
40. Ke3 Qg1+ 41. Kf3 1/2-1/2

[Event "XII C.to Italiano U20"]
[Site "Bratto - Castione della Presolana ITA"]
[Date "2004.08.23"]
[Round "4"]
[White "Bonagura, Stefano"]
[Black "Reduzzi, Maurizio"]
[Result "1/2-1/2"]
[WhiteElo "1784"]
[BlackElo "2114"]
[PlyCount "40"]
[EventDate "2004.08.20"]

1. d4 Nf6 2. c4 e6 3. Nf3 d5 4. Bg5 c6 5. cxd5 exd5 6. e3 Bf5 7. Nc3 Be7 8. Bd3
Bxd3 9. Qxd3 Nbd7 10. Rb1 a5 11. O-O O-O 12. Rfc1 Re8 13. Nd2 Nf8 14. Na4 N6d7
15. Bxe7 Qxe7 16. Nb3 Ne6 17. Nbc5 Ndxc5 18. Nxc5 h5 19. Qf5 g6 20. Qe5 f6
1/2-1/2

[Event "XII C.to Italiano U20"]
[Site "Bratto - Castione della Presolana ITA"]
[Date "2004.08.23"]
[Round "4"]
[White "Bove, Alessandro"]
[Black "Mandolini, Riccardo"]
[Result "1/2-1/2"]
[WhiteElo "2175"]
[BlackElo "1799"]
[PlyCount "93"]
[EventDate "2004.08.20"]

1. e4 e5 2. f4 Bc5 3. Nf3 Nc6 4. c3 d5 5. Bb5 Bg4 6. Qa4 Bxf3 7. Bxc6+ Kf8 8.
gxf3 bxc6 9. Qxc6 Bb6 10. Qxd5 Qh4+ 11. Kd1 Rd8 12. Qc4 Qxf4 13. Qe2 Qf6 14.
Kc2 Ne7 15. d3 Ng6 16. Na3 a6 17. Nc4 Ba7 18. Rf1 Nf4 19. Bxf4 Qxf4 20. Qd2
Qxd2+ 21. Kxd2 f6 22. f4 exf4 23. Rxf4 Ke7 24. Rf5 c5 25. h4 Ke6 26. Raf1 Rd7
27. h5 Rhd8 28. R1f3 h6 29. Ke2 Rb8 30. Rh3 Rbb7 31. Rh1 Rb8 32. Rd1 Rbd8 33.
Ne3 Rb8 34. Rd2 Rdb7 35. b3 Rd7 36. Nd5 Rc8 37. d4 cxd4 38. cxd4 Rc1 39. Kd3
Rb7 40. b4 Rd7 41. Nf4+ Kf7 42. Rd5 Rdc7 43. Ne2 Rb1 44. Ra5 Rh1 45. Rc2 Rd1+
46. Rd2 Rh1 47. Rc2 1/2-1/2

[Event "XII C.to Italiano U20"]
[Site "Bratto - Castione della Presolana ITA"]
[Date "2004.08.23"]
[Round "4"]
[White "Braschi, Giancarlo"]
[Black "Boscolo, Marco"]
[Result "1/2-1/2"]
[WhiteElo "2196"]
[BlackElo "1898"]
[PlyCount "101"]
[EventDate "2004.08.20"]

1. d4 e6 2. c4 Nf6 3. Nc3 Bb4 4. e3 O-O 5. Bd3 c5 6. Nge2 d5 7. a3 dxc4 8. Bxc4
cxd4 9. exd4 Be7 10. O-O a6 11. Re1 b5 12. Bb3 Bb7 13. Bg5 Nbd7 14. Bc2 Re8 15.
Qd3 Nf8 16. Rad1 Nd5 17. Bc1 Ng6 18. Bb3 Rc8 19. f4 Nxc3 20. Nxc3 Bf6 21. Ne4
Be7 22. Rf1 Bd5 23. Bxd5 Qxd5 24. f5 exf5 25. Nc3 Qc4 26. Qxc4 Rxc4 27. Nd5 Rd8
28. Rxf5 Rc6 29. Nxe7+ Nxe7 30. Re5 Ng6 31. Ree1 Rcd6 32. h4 h5 33. Be3 Rd5 34.
g3 Nf8 35. Rc1 Ne6 36. Rc6 a5 37. Ra6 a4 38. Rc6 g6 39. Kf2 Nxd4 40. Bxd4 Rxd4
41. Rc5 R4d5 42. Re8+ Rxe8 43. Rxd5 Rb8 44. Ke3 b4 45. axb4 Rxb4 46. Ra5 Kg7
47. Ra6 f6 48. Ra7+ Kh6 49. Ra6 Rg4 50. Kf3 f5 51. Ra7 1/2-1/2

[Event "XII C.to Italiano U20"]
[Site "Bratto - Castione della Presolana ITA"]
[Date "2004.08.23"]
[Round "4"]
[White "Buchicchio, Giampaolo"]
[Black "Di Caro, Calogero"]
[Result "1-0"]
[WhiteElo "2291"]
[BlackElo "2322"]
[PlyCount "61"]
[EventDate "2004.08.20"]

1. e4 Nc6 2. d4 e5 3. dxe5 Nxe5 4. Nf3 Bb4+ 5. c3 Nxf3+ 6. Qxf3 Bc5 7. b4 Bb6
8. a4 a5 9. Qg3 Qf6 10. Bc4 d6 11. O-O Ne7 12. Be3 axb4 13. Bxb6 cxb6 14. Rd1
O-O 15. Qxd6 Bg4 16. f3 Rfc8 17. Qxb4 Rd8 18. Na3 Nc6 19. Qxb6 Bxf3 20. Rf1
Qxc3 21. gxf3 Rd2 22. Nb1 Qxa1 23. Nxd2 Qc3 24. Qxb7 Rd8 25. Qxc6 Qxd2 26. Qc5
g6 27. a5 Qf4 28. Bd5 Rb8 29. Qc3 Qg5+ 30. Kh1 Qh4 31. Bxf7+ 1-0

[Event "XII C.to Italiano U20"]
[Site "Bratto - Castione della Presolana ITA"]
[Date "2004.08.23"]
[Round "4"]
[White "Buono, Michele"]
[Black "Valsecchi, Alessio"]
[Result "1/2-1/2"]
[WhiteElo "2098"]
[BlackElo "1739"]
[PlyCount "70"]
[EventDate "2004.08.20"]

1. e4 c5 2. c4 Nc6 3. f4 g6 4. Nc3 Bg7 5. Nf3 d6 6. Be2 Nf6 7. O-O Nd4 8. d3
Nxe2+ 9. Qxe2 O-O 10. Kh1 a6 11. Be3 Rb8 12. d4 b6 13. Rfd1 Qc7 14. Rac1 Bb7
15. Bg1 Rfc8 16. d5 Nd7 17. Qd3 Re8 18. Rc2 Rbd8 19. Re2 Nf8 20. Bf2 e6 21. Bh4
Rd7 22. Rde1 Qb8 23. Qc2 b5 24. b3 Bc8 25. Qd3 b4 26. Nd1 a5 27. Nf2 Ra7 28. h3
a4 29. Rd1 axb3 30. axb3 Ra6 31. g4 Bd7 32. Bg3 exd5 33. exd5 Rxe2 34. Qxe2 Qe8
35. Qd3 Ra3 1/2-1/2

[Event "XII C.to Italiano U20"]
[Site "Bratto - Castione della Presolana ITA"]
[Date "2004.08.23"]
[Round "4"]
[White "Buono, Valerio"]
[Black "Buchicchio, Alessandro"]
[Result "1/2-1/2"]
[WhiteElo "1978"]
[BlackElo "1813"]
[PlyCount "47"]
[EventDate "2004.08.20"]

1. e4 e6 2. d4 d5 3. exd5 exd5 4. Bd3 Nf6 5. Bf4 c5 6. Qe2+ Qe7 7. Be5 Nbd7 8.
Bb5 a6 9. Bxf6 gxf6 10. Bxd7+ Bxd7 11. Nc3 Qxe2+ 12. Ngxe2 Bc6 13. O-O-O O-O-O
14. dxc5 Rg8 15. Rhg1 Bxc5 16. Nd4 Rg4 17. Nxc6 bxc6 18. Rdf1 Rf4 19. Nd1 Re8
20. Re1 Rxe1 21. Rxe1 Bxf2 22. Re7 Bg1 23. h3 a5 24. Rxf7 1/2-1/2

[Event "XII C.to Italiano U20"]
[Site "Bratto - Castione della Presolana ITA"]
[Date "2004.08.23"]
[Round "4"]
[White "Campanella, Giovanni"]
[Black "Buchicchio, Roberto"]
[Result "1-0"]
[WhiteElo "1694"]
[BlackElo "1832"]
[PlyCount "90"]
[EventDate "2004.08.20"]

1. e4 c5 2. Nf3 Nc6 3. d4 cxd4 4. Nxd4 g6 5. c4 Bg7 6. Be3 Nf6 7. Nc3 O-O 8.
Be2 d6 9. O-O Bd7 10. Rc1 Nxd4 11. Bxd4 Bc6 12. Bf3 a5 13. b3 Nd7 14. Bxg7 Kxg7
15. Qd4+ Kg8 16. Rfd1 Qb6 17. Qxb6 Nxb6 18. Rd4 Nd7 19. Rcd1 f5 20. Re1 Ne5 21.
Bd1 fxe4 22. Nxe4 Rf4 23. Bc2 Raf8 24. Rd2 Ng4 25. Ree2 Bxe4 26. Bxe4 b6 27.
Bd5+ Kh8 28. g3 R4f6 29. f4 Re8 30. Bc6 Rc8 31. Bd7 Nxh2 32. Bxc8 Nf3+ 33. Kf2
Nxd2 34. Rxd2 e5 35. Ke3 exf4+ 36. gxf4 Kg7 37. Ke4 h5 38. Rd5 Rf8 39. Bh3 Rd8
40. a3 Kf6 41. b4 axb4 42. axb4 Ke7 43. Rb5 Rg8 44. Rxb6 g5 45. fxg5 Rxg5 1-0

[Event "XII C.to Italiano U20"]
[Site "Bratto - Castione della Presolana ITA"]
[Date "2004.08.23"]
[Round "4"]
[White "Cantu', Guido"]
[Black "Fortino, Fabrizio"]
[Result "1/2-1/2"]
[WhiteElo "1700"]
[BlackElo "1931"]
[PlyCount "32"]
[EventDate "2004.08.20"]

1. e4 c5 2. Nc3 Nc6 3. f4 g6 4. Nf3 Bg7 5. Bb5 Nd4 6. O-O Nxb5 7. Nxb5 a6 8.
Nc3 d6 9. d3 e6 10. Qe1 Ne7 11. Nd1 O-O 12. Ne3 d5 13. e5 Nf5 14. g4 Nxe3 15.
Bxe3 b6 16. g5 h5 1/2-1/2

[Event "XII C.to Italiano U20"]
[Site "Bratto - Castione della Presolana ITA"]
[Date "2004.08.23"]
[Round "4"]
[White "Cappai, Davide"]
[Black "Drezzadore, Dario"]
[Result "1-0"]
[WhiteElo "2132"]
[BlackElo "1730"]
[PlyCount "79"]
[EventDate "2004.08.20"]

1. e4 e6 2. d4 d5 3. Nc3 Nf6 4. Bg5 Be7 5. e5 Nfd7 6. h4 c5 7. Bxe7 Qxe7 8. Nb5
Kd8 9. c3 Nc6 10. Nd6 a6 11. f4 b5 12. Nf3 f6 13. a4 b4 14. a5 Kc7 15. Qa4 bxc3
16. bxc3 c4 17. Rb1 Qf8 18. Bxc4 dxc4 19. Qxc4 Ndb8 20. O-O Qe7 21. Qc5 Rg8 22.
Rb6 Ra7 23. Rfb1 Kd8 24. Rxb8 Rc7 25. d5 Nxb8 26. Qd4 Nd7 27. dxe6 Qxe6 28.
exf6 Qxf6 29. Qd5 Rf8 30. Ng5 Rc5 31. Ne6+ Ke7 32. Nxc5 Nxc5 33. Re1+ Ne6 34.
Nxc8+ Rxc8 35. f5 Kf8 36. Qd6+ Qe7 37. Qxe7+ Kxe7 38. Rxe6+ Kf7 39. Rxa6 Rxc3
40. Ra8 1-0

[Event "XII C.to Italiano U20"]
[Site "Bratto - Castione della Presolana ITA"]
[Date "2004.08.23"]
[Round "4"]
[White "Covolan, Stefano"]
[Black "Regorda, Massimiliano"]
[Result "1/2-1/2"]
[WhiteElo "1586"]
[BlackElo "1703"]
[PlyCount "104"]
[EventDate "2004.08.20"]

1. e4 e5 2. Nf3 Nc6 3. d4 exd4 4. Bc4 Bb4+ 5. c3 dxc3 6. bxc3 Bd6 7. O-O Nf6 8.
Re1 Be5 9. Bb3 O-O 10. Nxe5 Nxe5 11. f4 Ng6 12. e5 Ne8 13. Qh5 Qh4 14. Qxh4
Nxh4 15. Ba3 d6 16. Nd2 Ng6 17. g3 Be6 18. Nc4 Bxc4 19. Bxc4 b6 20. Bd5 Rd8 21.
Bc6 Ne7 22. Bb5 c5 23. Rad1 d5 24. c4 d4 25. g4 Nc7 26. Ba4 Ng6 27. f5 Nf4 28.
Re4 Nh3+ 29. Kg2 Ng5 30. Ree1 h6 31. h4 Nh7 32. e6 fxe6 33. fxe6 Nxe6 34. Rxe6
Nf6 35. g5 hxg5 36. hxg5 Nh5 37. Re4 Rf5 38. Bc1 Rdf8 39. Kh3 Nf4+ 40. Bxf4
Rxf4 41. Rxf4 Rxf4 42. g6 Rf3+ 43. Kg4 Re3 44. Bc2 Re2 45. Bb3 Rg2+ 46. Kh5
Rh2+ 47. Kg5 Rg2+ 48. Kf5 Rf2+ 49. Ke5 Rg2 50. Kf5 Rf2+ 51. Ke4 Rg2 52. Kf5
Rf2+ 1/2-1/2

[Event "XII C.to Italiano U20"]
[Site "Bratto - Castione della Presolana ITA"]
[Date "2004.08.23"]
[Round "4"]
[White "D'Apa, Matteo"]
[Black "Pagan, Andrea"]
[Result "1-0"]
[WhiteElo "1939"]
[BlackElo "1679"]
[PlyCount "109"]
[EventDate "2004.08.20"]

1. d4 Nf6 2. c4 e6 3. Nf3 b6 4. Bg5 Bb7 5. e3 Bb4+ 6. Nbd2 O-O 7. Bd3 c5 8. O-O
d6 9. Ne4 Bxe4 10. Bxe4 d5 11. cxd5 exd5 12. Bxf6 Qxf6 13. Bxd5 Nc6 14. Ne5
Nxe5 15. dxe5 Qxe5 16. Bxa8 Rxa8 17. Qd7 Qxb2 18. Rad1 g6 19. Qb7 Rf8 20. Qxa7
Ba5 21. a4 Qb3 22. Qd7 c4 23. Qb5 Qxb5 24. axb5 Rc8 25. Rd6 c3 26. Rc6 Rd8 27.
Rc1 Rd5 28. Rb1 Rd2 29. g3 Rb2 30. Rc1 Rxb5 31. Kg2 Rd5 32. Kf3 Rf5+ 33. Ke2 b5
34. R6xc3 Bxc3 35. Rxc3 Kg7 36. Rc7 Kf6 37. Rb7 Ke6 38. f4 Kd6 39. e4 Rc5 40.
Rxf7 Rc2+ 41. Kf3 Rxh2 42. e5+ Kd5 43. Rd7+ Kc6 44. e6 Rh1 45. g4 b4 46. f5
gxf5 47. gxf5 b3 48. Rd2 Re1 49. Rb2 Re5 50. Kf4 Rb5 51. f6 Rb8 52. f7 Kd6 53.
Rxb3 Rc8 54. Kf5 Rc1 55. f8=Q+ 1-0

[Event "XII C.to Italiano U20"]
[Site "Bratto - Castione della Presolana ITA"]
[Date "2004.08.23"]
[Round "4"]
[White "Damia, Angelo"]
[Black "Brunello, Sabino"]
[Result "0-1"]
[WhiteElo "2129"]
[BlackElo "2193"]
[PlyCount "74"]
[EventDate "2004.08.20"]

1. e4 e5 2. Bc4 Nc6 3. Nc3 Nf6 4. d3 Bc5 5. f4 d6 6. Nf3 exf4 7. Na4 Be3 8.
Bxe3 fxe3 9. Qe2 O-O 10. O-O d5 11. exd5 Nxd5 12. Bxd5 Qxd5 13. Qxe3 Qb5 14.
Nc3 Qh5 15. Ne4 Bd7 16. Qf4 Qa5 17. Kh1 Rae8 18. d4 Bc8 19. c3 Ne7 20. Rae1 Ng6
21. Qg3 Be6 22. Nc5 Bc4 23. Rxe8 Bxf1 24. Rxf8+ Nxf8 25. Qf2 Bc4 26. Ne5 Qxa2
27. Nxc4 Qxc4 28. Nxb7 Qa6 29. Nc5 Qa1+ 30. Qg1 Qxb2 31. Qe1 Qb6 32. h3 Ne6 33.
d5 Nf8 34. Qe7 a5 35. Ne6 fxe6 36. dxe6 Qxe6 37. Qxc7 a4 0-1

[Event "XII C.to Italiano U20"]
[Site "Bratto - Castione della Presolana ITA"]
[Date "2004.08.23"]
[Round "4"]
[White "Ferrante, Marco"]
[Black "Angelini, Marco"]
[Result "1-0"]
[WhiteElo "2074"]
[BlackElo "1682"]
[PlyCount "101"]
[EventDate "2004.08.20"]

1. e4 c5 2. Nf3 d6 3. d4 cxd4 4. Nxd4 Nf6 5. Nc3 a6 6. Bg5 e6 7. f4 Be7 8. Qf3
Qc7 9. O-O-O Nc6 10. g4 Bd7 11. Bxf6 Bxf6 12. Nde2 Be7 13. g5 O-O-O 14. h4 f6
15. Bh3 fxg5 16. hxg5 h6 17. gxh6 gxh6 18. Kb1 Qa5 19. f5 Rhf8 20. Rhf1 Rf6 21.
Qe3 Rdf8 22. fxe6 Bxe6 23. Bxe6+ Rxe6 24. Rxf8+ Bxf8 25. Qh3 Qe5 26. Rd5 Qf6
27. Rf5 Qe7 28. Rxf8+ Qxf8 29. Qxe6+ Kb8 30. a3 h5 31. Qh3 Qh6 32. Ng3 Qg5 33.
Nxh5 Qg1+ 34. Ka2 Nd4 35. Qd3 Qf2 36. Nd1 Qf7+ 37. b3 Qxh5 38. Qxd4 Qg6 39. Ne3
Kc7 40. Nd5+ Kb8 41. Ne7 Qe6 42. Qh8+ Kc7 43. Nd5+ Kc6 44. Qc3+ Kd7 45. Qg7+
Kd8 46. Qc7+ Ke8 47. Qb8+ Kf7 48. Qxb7+ Kf8 49. Qb8+ Kg7 50. Qc7+ Kg8 51. Qc8+
1-0

[Event "XII C.to Italiano U20"]
[Site "Bratto - Castione della Presolana ITA"]
[Date "2004.08.23"]
[Round "4"]
[White "Forato, Enrico"]
[Black "Chinello, Gianmarco"]
[Result "0-1"]
[WhiteElo "1739"]
[BlackElo "2100"]
[PlyCount "74"]
[EventDate "2004.08.20"]

1. e4 e5 2. Nf3 Nc6 3. d4 exd4 4. Bc4 Nf6 5. O-O Nxe4 6. Re1 d5 7. Bxd5 Qxd5 8.
Nc3 Qa5 9. Nxe4 Be6 10. Neg5 O-O-O 11. Nxe6 fxe6 12. Rxe6 Qd5 13. Qe2 Bc5 14.
Bg5 Rdf8 15. Qe4 Qxe4 16. Rxe4 Nb4 17. c3 dxc3 18. bxc3 Nd3 19. Be3 Re8 20.
Rxe8+ Rxe8 21. Bxc5 Nxc5 22. Kf1 Ne4 23. c4 g5 24. g4 h5 25. h3 hxg4 26. hxg4
Rf8 27. Kg2 Rf4 28. Nxg5 Nxg5 29. Kg3 Rxc4 30. f4 Ne4+ 31. Kh4 Nf2 32. Kg3 Ne4+
33. Kh4 Kd7 34. f5 Ke7 35. Rg1 Kf6 36. Kh5 Rc2 37. g5+ Nxg5 0-1

[Event "XII C.to Italiano U20"]
[Site "Bratto - Castione della Presolana ITA"]
[Date "2004.08.23"]
[Round "4"]
[White "Frilli, Guido"]
[Black "Santagati, Alessandro"]
[Result "1/2-1/2"]
[WhiteElo "2131"]
[BlackElo "2176"]
[PlyCount "32"]
[EventDate "2004.08.20"]

1. e4 c5 2. Nf3 e6 3. d3 Nc6 4. g3 d5 5. Qe2 Nf6 6. Bg2 Be7 7. O-O O-O 8. e5
Ne8 9. c4 Nc7 10. Rd1 b5 11. b3 a5 12. a4 bxc4 13. bxc4 f6 14. Bb2 Rb8 15. Na3
fxe5 16. Nxe5 Rxb2 1/2-1/2

[Event "XII C.to Italiano U20"]
[Site "Bratto - Castione della Presolana ITA"]
[Date "2004.08.23"]
[Round "4"]
[White "Giovannini, Stefano"]
[Black "Ferrarese, Giacomo"]
[Result "1-0"]
[WhiteElo "1712"]
[BlackElo "1688"]
[PlyCount "69"]
[EventDate "2004.08.20"]

1. d4 f5 2. c4 Nf6 3. Nf3 g6 4. g3 Bg7 5. Bg2 O-O 6. O-O d6 7. Nc3 e6 8. b3 Qe7
9. Ba3 c5 10. Rc1 Bd7 11. dxc5 dxc5 12. Ne5 Bc6 13. Nxc6 Nxc6 14. Bxc6 bxc6 15.
Qc2 Rfd8 16. e4 Rd7 17. exf5 gxf5 18. Rcd1 Rad8 19. Rxd7 Rxd7 20. Re1 Bh6 21.
Bc1 Bxc1 22. Qxc1 Rd8 23. Qg5+ Kf7 24. h3 Rg8 25. Qe3 h5 26. Kh2 h4 27. Ne2 Nh5
28. Nf4 hxg3+ 29. fxg3 Nxf4 30. Qxf4 Rh8 31. Kg2 Ra8 32. Rh1 Rg8 33. Qe5 Kg6
34. Kf2 Qd7 35. Qe3 {...} 1-0

[Event "XII C.to Italiano U20"]
[Site "Bratto - Castione della Presolana ITA"]
[Date "2004.08.23"]
[Round "4"]
[White "Kidane, Robel"]
[Black "Rombaldoni, Denis"]
[Result "1-0"]
[WhiteElo "2081"]
[BlackElo "2224"]
[PlyCount "85"]
[EventDate "2004.08.20"]

1. e4 c6 2. d4 d5 3. Nc3 g6 4. e5 Bg7 5. Bd3 c5 6. dxc5 Bxe5 7. Nxd5 Nc6 8. Be2
Qa5+ 9. c3 Be6 10. Ne3 Rd8 11. Qc2 Nf6 12. Nf3 Qxc5 13. Nxe5 Nxe5 14. O-O O-O
15. b3 Bd7 16. Bb2 Bc6 17. c4 Ne4 18. Rad1 f6 19. Ng4 Nxg4 20. Bxg4 h5 21. Bf3
Qf5 22. h3 Kf7 23. Rfe1 Nd6 24. Qxf5 Nxf5 25. Bxc6 bxc6 26. Bc3 e5 27. Bb4 Rfe8
28. Bc5 a6 29. Kf1 Ke6 30. g4 hxg4 31. hxg4 Nd6 32. f3 Rd7 33. Rd2 Red8 34.
Red1 f5 35. Bb6 Nxc4 36. Rxd7 Rxd7 37. Rxd7 Nxb6 38. Ra7 fxg4 39. Rxa6 Nd5 40.
Rxc6+ Kd7 41. Rc5 Nf4 42. fxg4 Kd6 43. Rc1 1-0

[Event "XII C.to Italiano U20"]
[Site "Bratto - Castione della Presolana ITA"]
[Date "2004.08.23"]
[Round "4"]
[White "Lain, Luigi"]
[Black "Imbraguglia, Fabio"]
[Result "1-0"]
[WhiteElo "2243"]
[BlackElo "1988"]
[PlyCount "49"]
[EventDate "2004.08.20"]

1. d4 Nf6 2. c4 e6 3. Nc3 Bb4 4. Qc2 b6 5. Nf3 Bb7 6. a3 Bxc3+ 7. Qxc3 O-O 8.
e3 c5 9. dxc5 bxc5 10. Bd3 Qc7 11. b4 d5 12. bxc5 Qxc5 13. Bb2 Nbd7 14. cxd5
Qxc3+ 15. Bxc3 Nxd5 16. Bd4 N5b6 17. O-O Bxf3 18. gxf3 e5 19. Bc3 f5 20. Rfd1
Rac8 21. Bb4 Rf6 22. Bb5 Rg6+ 23. Kf1 Nf6 24. Ba6 Rc2 25. Bd3 1-0

[Event "XII C.to Italiano U20"]
[Site "Bratto - Castione della Presolana ITA"]
[Date "2004.08.23"]
[Round "4"]
[White "Lampl, Gerald"]
[Black "Gilardi, Davide"]
[Result "1-0"]
[WhiteElo "1841"]
[BlackElo "1440"]
[PlyCount "45"]
[EventDate "2004.08.20"]

1. d4 d5 2. c4 e6 3. Nc3 Nf6 4. Bg5 h6 5. Bxf6 Qxf6 6. cxd5 Bb4 7. Qa4+ c6 8.
Qxb4 exd5 9. Nf3 a5 10. Qb3 b5 11. e3 a4 12. Qc2 O-O 13. a3 Bf5 14. Bd3 Bd7 15.
Ne5 Be6 16. f4 Qh4+ 17. Qf2 Qf6 18. O-O Qe7 19. f5 Bc8 20. f6 Qe6 21. Qg3 g5
22. Rf5 Qe8 23. Rxg5+ 1-0

[Event "XII C.to Italiano U20"]
[Site "Bratto - Castione della Presolana ITA"]
[Date "2004.08.23"]
[Round "4"]
[White "Laurenti, Stefano"]
[Black "Hellweger, Stefan"]
[Result "0-1"]
[WhiteElo "1823"]
[BlackElo "1664"]
[PlyCount "74"]
[EventDate "2004.08.20"]

1. e4 e5 2. Nf3 Nc6 3. d4 exd4 4. Bc4 Bb4+ 5. c3 Ba5 6. Nxd4 Nxd4 7. Qxd4 Qf6
8. e5 Qg6 9. h4 Bb6 10. Qf4 Nh6 11. Be2 O-O 12. g4 d5 13. g5 Nf5 14. h5 Qc6 15.
Bd3 Ne7 16. Nd2 Ng6 17. hxg6 fxg6 18. Qh2 Bxf2+ 19. Kd1 Bg4+ 20. Kc2 Bh5 21. b3
Bc5 22. Bb2 Rf2 23. Qg3 Raf8 24. Kc1 R8f4 25. Rf1 Rg4 26. Qh3 Rxf1+ 27. Nxf1
Rf4 28. Kc2 Rf3 29. Qh1 Rf2+ 30. Kb1 Bf3 31. Qh4 Bg2 32. Nh2 Rd2 33. Bc2 Qa6
34. Bc1 Rxc2 35. Kxc2 Qe2+ 36. Bd2 Be4+ 37. Kc1 Ba3# 0-1

[Event "XII C.to Italiano U20"]
[Site "Bratto - Castione della Presolana ITA"]
[Date "2004.08.23"]
[Round "4"]
[White "Lettieri, Giuseppe"]
[Black "Bdair, Bilal"]
[Result "1-0"]
[WhiteElo "2144"]
[BlackElo "2012"]
[PlyCount "71"]
[EventDate "2004.08.20"]

1. e4 c5 2. Nf3 d6 3. c3 Nf6 4. Be2 Nc6 5. d3 g6 6. O-O Bg4 7. d4 Bg7 8. Nbd2
cxd4 9. cxd4 e6 10. Bb5 O-O 11. Bxc6 bxc6 12. Re1 d5 13. e5 Nd7 14. b4 Qe7 15.
a4 f6 16. exf6 Qxf6 17. Bb2 c5 18. bxc5 Nxc5 19. Ba3 Nd3 20. Re3 Nxf2 21. Kxf2
Qh4+ 22. Ke2 Bxd4 23. Bxf8 Rxf8 24. h3 Bxe3 25. Kxe3 d4+ 26. Ke2 d3+ 27. Ke3
Qh6+ 28. Kf2 Qh4+ 29. Kg1 Bxf3 30. Nxf3 Rxf3 31. gxf3 Qg3+ 32. Kf1 Qxh3+ 33.
Kf2 Qh2+ 34. Ke3 Qe5+ 35. Kxd3 Qd5+ 36. Ke2 1-0

[Event "XII C.to Italiano U20"]
[Site "Bratto - Castione della Presolana ITA"]
[Date "2004.08.23"]
[Round "4"]
[White "Longo, Aldo"]
[Black "Taglione, Stefano"]
[Result "1-0"]
[WhiteElo "1888"]
[BlackElo "1700"]
[PlyCount "50"]
[EventDate "2004.08.20"]

1. e4 e5 2. Nf3 Nc6 3. Bb5 a6 4. Ba4 Nf6 5. O-O b5 6. Bb3 Bc5 7. c3 h6 8. d4
exd4 9. e5 Nh7 10. cxd4 Bb6 11. Re1 O-O 12. d5 Ne7 13. Nc3 Bb7 14. Be3 Bxe3 15.
Rxe3 Nf5 16. Re1 Ng5 17. Nxg5 Qxg5 18. Ne4 Qd8 19. Bc2 Ne7 20. Nf6+ gxf6 21.
Qg4+ Ng6 22. Bxg6 fxg6 23. Qxg6+ Kh8 24. Qxh6+ Kg8 25. Qg6+ Kh8 1-0

[Event "XII C.to Italiano U20"]
[Site "Bratto - Castione della Presolana ITA"]
[Date "2004.08.23"]
[Round "4"]
[White "Massironi, Marco"]
[Black "Gatterer, Matthias"]
[Result "0-1"]
[WhiteElo "2121"]
[BlackElo "1844"]
[PlyCount "64"]
[EventDate "2004.08.20"]

1. e4 e6 2. d4 d5 3. Nd2 c5 4. Ngf3 Nf6 5. e5 Nfd7 6. c3 Nc6 7. Bd3 Qb6 8. O-O
g6 9. Re1 Bg7 10. h4 O-O 11. Qa4 cxd4 12. cxd4 f6 13. h5 gxh5 14. Qc2 f5 15. a3
Nxd4 16. Nxd4 Qxd4 17. Nf3 Qc5 18. Qe2 Qe7 19. Bf4 Nc5 20. Bc2 Bd7 21. Nd4 Be8
22. f3 Rc8 23. Rac1 a6 24. Bd1 Bd7 25. Bd2 Qh4 26. Bc3 Bh6 27. Rb1 Bf4 28. g4
Qg3+ 29. Kh1 Nd3 30. Rf1 Nxe5 31. Rf2 fxg4 32. fxg4 Nxg4 0-1

[Event "XII C.to Italiano U20"]
[Site "Bratto - Castione della Presolana ITA"]
[Date "2004.08.23"]
[Round "4"]
[White "Oblak, Mitja"]
[Black "Bellemo, Davide"]
[Result "1/2-1/2"]
[WhiteElo "1556"]
[BlackElo "1712"]
[PlyCount "94"]
[EventDate "2004.08.20"]

1. d4 d5 2. c4 e6 3. Nc3 Nf6 4. Bg5 Be7 5. Nf3 Nbd7 6. e3 c6 7. Be2 O-O 8. O-O
Re8 9. a3 a5 10. Qc2 h6 11. Bh4 g5 12. Bg3 Bf8 13. h4 Nh5 14. hxg5 Nxg3 15.
fxg3 hxg5 16. Kf2 Qf6 17. Rh1 Bh6 18. g4 Nb6 19. c5 Nd7 20. Rh5 e5 21. Rah1 Bg7
22. Qf5 exd4 23. exd4 Qxf5 24. gxf5 g4 25. Ne5 Nxe5 26. dxe5 Bxe5 27. Rg5+ Kf8
28. Bxg4 Bf6 29. Rgh5 Bd4+ 30. Kf1 Ke7 31. Rh7 Bd7 32. f6+ Bxf6 33. Bxd7 Kxd7
34. Rxf7+ Be7 35. Na4 Rf8 36. Rhh7 Ke6 37. Rxf8 Rxf8+ 38. Ke2 Rf4 39. Nb6 Bxc5
40. Nd7 Bg1 41. Kd3 Kd6 42. Nb8 b6 43. Rh6+ Kc7 44. Nxc6 Rg4 45. b4 a4 46. Ne7
Kb7 47. Rh3 Rxg2 1/2-1/2

[Event "XII C.to Italiano U20"]
[Site "Bratto - Castione della Presolana ITA"]
[Date "2004.08.23"]
[Round "4"]
[White "Perico', Alessandro"]
[Black "Berardi, Alessandro"]
[Result "1-0"]
[WhiteElo "1685"]
[BlackElo "1577"]
[PlyCount "65"]
[EventDate "2004.08.20"]

1. e4 e6 2. d4 d5 3. e5 c5 4. c3 Nc6 5. Nf3 Qb6 6. a3 c4 7. Be2 Na5 8. Nbd2 Bd7
9. a4 Be7 10. Qc2 f6 11. O-O O-O-O 12. Bd1 Be8 13. b3 Bg6 14. Qa2 Bd3 15. Re1
cxb3 16. Bxb3 Nxb3 17. Qxb3 Qc7 18. exf6 Nxf6 19. Rxe6 Bd6 20. Ba3 Bf4 21. Re7
Rd7 22. Rae1 g5 23. Rxd7 Nxd7 24. Re7 Rd8 25. g3 g4 26. Ne5 Bxd2 27. Nf7 b6 28.
Qxd5 Ba6 29. Nxd8 Qxc3 30. Qxd7+ Kb8 31. Nc6+ Qxc6 32. Re8+ Qc8 33. Bd6+ 1-0

[Event "XII C.to Italiano U20"]
[Site "Bratto - Castione della Presolana ITA"]
[Date "2004.08.23"]
[Round "4"]
[White "Polilli, Andrea"]
[Black "Nizzardo, Mattia"]
[Result "1-0"]
[WhiteElo "1679"]
[BlackElo "1772"]
[PlyCount "43"]
[EventDate "2004.08.20"]

1. e4 e5 2. Nf3 Nc6 3. Bc4 Bc5 4. b4 Bxb4 5. c3 Ba5 6. O-O d6 7. Qb3 Qe7 8. Bd5
Bb6 9. d3 h6 10. Bb2 Nf6 11. Bxc6+ bxc6 12. Nbd2 Ba6 13. Rfe1 O-O 14. Qc2 Rfd8
15. Rac1 Kh8 16. h3 d5 17. Nxe5 Qe6 18. exd5 cxd5 19. Ng6+ Kg8 20. Rxe6 fxe6
21. Ne7+ Kf7 22. Nc6 1-0